[Event "CalChess-ch"]
[Site "Monterey Park"]
[Date "2002.04.06"]
[Round "2"]
[White "Adler, Aviv"]
[Black "Lin, Derek"]
[Result "1-0"]
[WhiteElo "1396"]
[BlackElo "1033"]
[PlyCount "53"]
[EventDate "2002.??.??"]
[EventType "swiss"]
[EventRounds "6"]
[EventCountry "USA"]
[SourceTitle "EXT 2007"]
[Source "ChessBase"]
[SourceDate "2006.11.23"]
[SourceVersion "1"]
[SourceVersionDate "2006.11.23"]
[SourceQuality "1"]

1. e4 e5 2. Nf3 d5 3. exd5 Bd6 4. Nc3 Nf6 5. d4 e4 6. Ng5 Bf5 7. Bb5+ c6 8. dxc6 Nxc6 9. d5 a6 10. Ba4 b5 11. Nxb5 Nxd5 12. Nd4 Bd7 13. Bxc6 Bxc6 14. Nxc6 Qb6 15. Nxe4 Qxc6 16. Nxd6+ Qxd6 17. 0-0 Qc5 18. Re1+ Ne7 19. Qe2 Ra7 20. Be3 Qc7 21. Bxa7 Qxa7 22. Qe5 f6 23. Qe6 Qc7 24. Rad1 Rf8 25. Rd6 Rf7 26. Rc6 Qb7 27. Rc8+ 1-0

[Event "Fremont Weibel Quads 2"]
[Site "Fremont"]
[Date "2001.12.08"]
[Round "2"]
[White "Adler, Aviv"]
[Black "Chien, Edward"]
[Result "1-0"]
[WhiteElo "1320"]
[BlackElo "1278"]
[PlyCount "115"]
[EventDate "2001.12.08"]
[EventType "swiss"]
[EventRounds "3"]
[EventCountry "USA"]
[SourceTitle "EXT 2009"]
[Source "ChessBase"]
[SourceDate "2008.11.26"]
[SourceVersion "1"]
[SourceVersionDate "2008.11.26"]
[SourceQuality "1"]

1. e4 e5 2. Nf3 d5 3. exd5 Bd6 4. Nc3 Nf6 5. d4 e4 6. Ng5 0-0 7. Be2 Re8 8. 0-0 h6 9. Nh3 Bxh3 10. gxh3 c6 11. dxc6 Nxc6 12. Kh1 Qc7 13. Rg1 Bf4 14. d5 Bxc1 15. Qxc1 Ne5 16. Qxh6 Ng6 17. Qe3 Rad8 18. Qxa7 Nxd5 19. Bb5 Re5 20. Nxd5 Rexd5 21. Qa4 Nf4 22. Rg3 Rd1+ 23. Rxd1 Rxd1+ 24. Rg1 Qd8 25. Qxe4 Rxg1+ 26. Kxg1 Qg5+ 27. Kh1 Qxb5 28. Kg1 Qg5+ 29. Kf1 Nxh3 30. Qe8+ Kh7 31. Qe4+ g6 32. Qxb7 Qg1+ 33. Ke2 Qxf2+ 34. Kd3 Qf5+ 35. Kc3 Qe5+ 36. Kb3 Kg7 37. Qc8 Qxh2 38. Qc3+ f6 39. Qc8 Qg3+ 40. c3 Qd6 41. Qb7+ Kg8 42. Qc8+ Kf7 43. Qxh3 Qe6+ 44. Qxe6+ Kxe6 45. a4 g5 46. a5 Kd7 47. Kc2 Kc6 48. Kd2 g4 49. Ke2 f5 50. Kf2 f4 51. b4 Kb7 52. c4 Ka7 53. b5 Kb7 54. a6+ Kb6 55. c5+ Ka7 56. Kg2 Kb8 57. b6 Ka8 58. c6 1-0